000 00506ngm a2200193 i 4500
001 C2-0322452
003 PPAK
005 20180727221820.0
008 130612s2008 xxu|||| ||||| | vleng d
040 _aPPAK
_beng
_cPPAK
_erda
245 0 0 _aMario Kart Wii
264 1 _aUnited States :
_bNintendo ,
_c2008
336 _2rdacontent
_atext
337 _2rdamedia
_aunmediated
338 _2rdacarrier
_avolume
500 _aNintendo Wii Game
700 1 _aYasuyuki, Oyagi,
_ecompile
942 _2ddc
_cDVD
999 _c167368
_d167368